000 00531nam a2200205Ia 4500
005 20250923144447.0
008 008 250917s9999 xx 000 0 eng d
037 _aTextual
040 _aDSWL
_beng
_cDSWL
041 _aeng
_2eng
084 _qDSWL
100 _aBanks, J.A.
_9825126
245 0 _aProsperity and parenthood
_cby J.A. Banks
260 _aLondon
_bRoutledge and Kegan Paul
_c1954
300 _avii,240p.
365 _aINR
_b21
925 _g21
942 _cTEXL
999 _c1439153
_d1439153